[Event "Riazan-ch"]
[Site "Riazan"]
[Date "2009.03.??"]
[Round "?"]
[White "Frolov, Denis"]
[Black "Popov, Valerij"]
[Result "0-1"]
[WhiteElo "2387"]
[BlackElo "2570"]
[PlyCount "72"]
[EventDate "2009.03.??"]
[EventType "swiss"]
[EventRounds "13"]
[EventCountry "RUS"]
[SourceTitle "EXT 2010"]
[Source "ChessBase"]
[SourceDate "2010.11.25"]
[SourceVersion "1"]
[SourceVersionDate "2010.11.25"]
[SourceQuality "1"]

1. d4 d5 2. c4 Nc6 3. cxd5 Qxd5 4. Nf3 e5 5. Nc3 Bb4 6. a3 Bxc3+ 7. bxc3 e4 8. Nd2 Nf6 9. e3 0-0 10. Qc2 Re8 11. Bb2 Qg5 12. g3 a6 13. Bg2 Bf5 14. c4 Qg6 15. Nb3 b6 16. h3 h5 17. Nc1 Rad8 18. Ne2 Qg5 19. h4 Qh6 20. Rd1 Na5 21. Nf4 c6 22. Qa4 Bd7 23. c5 Nd5 24. cxb6 Nxf4 25. gxf4 Nb7 26. Qxa6 Bc8 27. Qc4 Nd6 28. Qb4 Bb7 29. a4 Nf5 30. Rc1 Qg6 31. Bh3 Nxe3 32. fxe3 Qg3+ 33. Kd1 Qf3+ 34. Kd2 Qf2+ 35. Kc3 Qxe3+ 36. Kc2 Qd3# 0-1

[Event "RUS-ch qual 57th"]
[Site "Tomsk"]
[Date "2004.05.29"]
[Round "7"]
[White "Frolov, Denis"]
[Black "Shcherbakov, Ruslan"]
[Result "0-1"]
[WhiteElo "2401"]
[BlackElo "2564"]
[PlyCount "64"]
[EventDate "2004.05.21"]
[EventType "swiss"]
[EventRounds "9"]
[EventCountry "RUS"]
[SourceTitle "CBM 102"]
[Source "ChessBase"]
[SourceDate "2004.09.23"]
[SourceVersion "1"]
[SourceVersionDate "2004.09.23"]
[SourceQuality "1"]

1. e4 c5 2. Nf3 d6 3. Bb5+ Nd7 4. d4 Ngf6 5. Nc3 cxd4 6. Qxd4 e5 7. Qd3 h6 8. Be3 Be7 9. Bc4 Nb6 10. Bxb6 Qxb6 11. 0-0 Be6 12. Bb3 Rc8 13. Rfd1 Nh5 14. h3 0-0 15. Nh2 Nf4 16. Qf3 Kh8 17. Nf1 f5 18. Bxe6 fxe4 19. Nxe4 Nxe6 20. Qb3 Qxb3 21. axb3 Rxc2 22. Rxa7 Bh4 23. g3 Ng5 24. Nfd2 d5 25. gxh4 Nxh3+ 26. Kg2 Nf4+ 27. Kf1 Nd3 28. Rxb7 dxe4 29. Ke2 Rd8 30. Ke3 Nf4 31. Rg1 Rcxd2 32. Kxe4 Re2+ 0-1

[Event "RUS-ch qual 57th"]
[Site "Tomsk"]
[Date "2004.05.28"]
[Round "6"]
[White "Frolov, Denis"]
[Black "Kobalia, Mihail"]
[Result "0-1"]
[WhiteElo "2401"]
[BlackElo "2630"]
[PlyCount "172"]
[EventDate "2004.05.21"]
[EventType "swiss"]
[EventRounds "9"]
[EventCountry "RUS"]
[SourceTitle "CBM 102"]
[Source "ChessBase"]
[SourceDate "2004.09.23"]
[SourceVersion "1"]
[SourceVersionDate "2004.09.23"]
[SourceQuality "1"]

1. e4 c5 2. Nf3 e6 3. d4 cxd4 4. Nxd4 a6 5. Nc3 Qc7 6. g3 Bb4 7. Bd2 Nf6 8. Bg2 Nc6 9. Nxc6 dxc6 10. 0-0 Be7 11. Na4 b5 12. e5 Nd5 13. c4 bxa4 14. cxd5 cxd5 15. Qxa4+ Bd7 16. Qd4 0-0 17. Rac1 Qb7 18. f4 Rab8 19. b3 Ba3 20. Rc2 Rfc8 21. Rxc8+ Rxc8 22. Kh1 Rc2 23. f5 exf5 24. g4 Qb5 25. b4 Qe2 26. Qb6 Rc8 27. Qb7 Qb5 28. Qxb5 Bxb5 29. Rxf5 Rc2 30. Be3 Bc4 31. h3 Rxa2 32. Bc5 g6 33. Rf6 a5 34. Rb6 Bxb4 35. Bxb4 axb4 36. Rxb4 Re2 37. Kg1 Rxe5 38. Bf3 Re3 39. Kf2 Rc3 40. Rb8+ Kg7 41. g5 d4 42. h4 Rc2+ 43. Kg3 d3 44. Rd8 d2 45. Kf4 Bb3 46. h5 gxh5 47. Bxh5 Rc4+ 48. Kg3 Rc5 49. Rxd2 Rxg5+ 50. Kh4 h6 51. Bf3 Be6 52. Rd1 Ra5 53. Kg3 Kg6 54. Rd8 Ra3 55. Kf4 Ra4+ 56. Kg3 Bf5 57. Rd6+ Kg5 58. Rd5 Rb4 59. Ra5 Rd4 60. Rb5 Kf6 61. Rb6+ Kg7 62. Rb5 Be6 63. Rb6 Ra4 64. Be2 Ra5 65. Rb8 Rg5+ 66. Kf4 Rf5+ 67. Kg3 Re5 68. Bf3 Bf5 69. Kf4 Ra5 70. Be4 Be6 71. Bf3 Bc4 72. Rd8 Rc5 73. Rd2 Rg5 74. Rd8 Be6 75. Rb8 Rc5 76. Rb2 h5 77. Rg2+ Kh6 78. Rh2 Ra5 79. Bd1 Rf5+ 80. Kg3 Rc5 81. Bf3 Kg6 82. Be2 Ra5 83. Bd1 Rb5 84. Kf4 Rb4+ 85. Kg3 Bg4 86. Rd2 Kg5 0-1

[Event "RUS-chT 11th"]
[Site "Sochi"]
[Date "2004.04.26"]
[Round "7.3"]
[White "Brodsky, Michail"]
[Black "Frolov, Denis"]
[Result "1/2-1/2"]
[WhiteElo "2528"]
[BlackElo "2401"]
[PlyCount "93"]
[EventDate "2004.04.20"]
[EventType "team-tourn"]
[EventRounds "9"]
[EventCountry "RUS"]
[SourceTitle "EXT 2020"]
[Source "ChessBase"]
[SourceDate "2019.10.17"]
[SourceVersion "1"]
[SourceVersionDate "2019.10.17"]
[SourceQuality "1"]
[WhiteTeam "Vladivostok Debiut-DVGU"]
[BlackTeam "Tomsk Siberian Athens-Neftekhim"]
[WhiteTeamCountry "RUS"]
[BlackTeamCountry "RUS"]

1. e4 e5 2. Nf3 Nc6 3. Bb5 Nf6 4. 0-0 d6 5. d4 Bd7 6. Re1 Be7 7. d5 Nb8 8. Bf1 0-0 9. c4 b6 10. Nc3 a5 11. b3 Ne8 12. a3 Na6 13. Rb1 f5 14. exf5 Bxf5 15. Rb2 Bg4 16. Be2 Bxf3 17. Bxf3 Bg5 18. b4 axb4 19. axb4 Bxc1 20. Qxc1 Nf6 21. Qd2 Nb8 22. Ra2 Rxa2 23. Qxa2 Nbd7 24. h3 Kh8 25. Nb5 Ne8 26. Re3 Ndf6 27. Ra3 Qd7 28. Qc2 Qf7 29. g3 Qd7 30. Bg2 Ng8 31. Ra7 Qe7 32. Be4 g6 33. Bg2 Nh6 34. c5 bxc5 35. bxc5 dxc5 36. d6 Nxd6 37. Rxc7 Qd8 38. Rxc5 Nxb5 39. Rxb5 Qd4 40. Rd5 Qa1+ 41. Kh2 Qa7 42. Rc5 Qe7 43. Kg1 Nf7 44. Qc3 Qd6 45. Kh2 Qd4 46. Qxd4 exd4 47. Kg1 1/2-1/2

[Event "RUS-chT 11th"]
[Site "Sochi"]
[Date "2004.04.23"]
[Round "4.3"]
[White "Vokarev, Sergey"]
[Black "Frolov, Denis"]
[Result "1-0"]
[WhiteElo "2516"]
[BlackElo "2401"]
[PlyCount "107"]
[EventDate "2004.04.20"]
[EventType "team-tourn"]
[EventRounds "9"]
[EventCountry "RUS"]
[SourceTitle "EXT 2020"]
[Source "ChessBase"]
[SourceDate "2019.10.17"]
[SourceVersion "1"]
[SourceVersionDate "2019.10.17"]
[SourceQuality "1"]
[WhiteTeam "Nizhny Tagil Politekhnik"]
[BlackTeam "Tomsk Siberian Athens-Neftekhim"]
[WhiteTeamCountry "RUS"]
[BlackTeamCountry "RUS"]

1. e4 e5 2. Nf3 Nc6 3. Bb5 Nf6 4. 0-0 d6 5. d4 Bd7 6. Nc3 exd4 7. Nxd4 Be7 8. Bxc6 bxc6 9. Re1 0-0 10. Bf4 Rb8 11. Rb1 Re8 12. Nb3 Bf8 13. h3 h6 14. e5 Nh7 15. Qd2 Bf5 16. Rbd1 Ng5 17. Qc1 Ne6 18. Bg3 Qg5 19. Qxg5 hxg5 20. exd6 cxd6 21. Bxd6 Bxc2 22. Bxb8 Bxd1 23. Nd4 Rxb8 24. Nxe6 fxe6 25. Nxd1 Kf7 26. Kf1 Rd8 27. Ne3 Bc5 28. Nc4 Kf6 29. b3 Bd4 30. Ke2 c5 31. Rd1 e5 32. Nd2 Kf5 33. f3 Rd6 34. Rc1 Ra6 35. Rc2 Kf4 36. Ne4 Ra3 37. Rd2 Ra6 38. Kd3 Rc6 39. Kc4 Ke3 40. Rc2 Rg6 41. Kd5 Kd3 42. Rc4 Ra6 43. a4 Rb6 44. Nxc5+ Bxc5 45. Rxc5 Rxb3 46. Kxe5 Rb2 47. g4 Ke2 48. Kf5 Kxf3 49. Kxg5 Rb6 50. a5 Ra6 51. h4 Rd6 52. h5 Ra6 53. Kh4 Kf4 54. Rg5 1-0

[Event "RUS-chT 11th"]
[Site "Sochi"]
[Date "2004.04.22"]
[Round "3.3"]
[White "Frolov, Denis"]
[Black "Sakaev, Konstantin"]
[Result "1/2-1/2"]
[WhiteElo "2401"]
[BlackElo "2665"]
[PlyCount "159"]
[EventDate "2004.04.20"]
[EventType "team-tourn"]
[EventRounds "9"]
[EventCountry "RUS"]
[SourceTitle "EXT 2020"]
[Source "ChessBase"]
[SourceDate "2019.10.17"]
[SourceVersion "1"]
[SourceVersionDate "2019.10.17"]
[SourceQuality "1"]
[WhiteTeam "Tomsk Siberian Athens-Neftekhim"]
[BlackTeam "Ekaterinburg Max Ven"]
[WhiteTeamCountry "RUS"]
[BlackTeamCountry "RUS"]

1. e4 c6 2. Nc3 d5 3. Nf3 Bg4 4. h3 Bxf3 5. Qxf3 e6 6. d4 Nf6 7. Bd3 dxe4 8. Nxe4 Nbd7 9. Nxf6+ Nxf6 10. c3 Qd5 11. Be2 Be7 12. 0-0 0-0 13. Rd1 Rfd8 14. Bf4 Bd6 15. Bxd6 Qxf3 16. Bxf3 Rxd6 17. h4 a5 18. a4 Rad8 19. Kf1 g6 20. g3 Kg7 21. Rab1 Nd5 22. Ke2 Nb6 23. b3 R6d7 24. Ke1 Kf6 25. Rb2 Ke7 26. Rbd2 Nc8 27. Re2 Nb6 28. Red2 Rc7 29. Rd3 Nd7 30. Ke2 Rb8 31. Ra1 Nf6 32. Ra2 Ne8 33. Ra1 Nd6 34. Ra2 Kf6 35. Ra1 Nf5 36. Be4 Nd6 37. Bf3 Rbc8 38. Kd2 Ke7 39. Kc2 Ne8 40. Kd2 Nf6 41. Kc2 Nd7 42. Re3 Kf6 43. Bg2 Rd8 44. Rd1 Nb6 45. Re5 Nd5 46. Bxd5 cxd5 47. Re3 h6 48. Rf3+ Ke7 49. Re3 Rc6 50. Rde1 Rdc8 51. Rf3 h5 52. Rfe3 Rb8 53. Ra1 Kd6 54. Rf3 Rc7 55. Re3 Rg8 56. Rae1 b6 57. Re5 Rb8 58. R5e3 b5 59. axb5 Rxb5 60. Ra1 Rcb7 61. Ra3 a4 62. Rxa4 Rxb3 63. Ra6+ Ke7 64. Ra2 Rb1 65. Ra7 Rxa7 66. Kxb1 Kd6 67. Kb2 Kc6 68. Rf3 Kd6 69. Re3 Ra8 70. Re1 Ke7 71. f4 Kf6 72. Re5 Ra7 73. Kb1 Ke7 74. Kb2 Kd6 75. Re1 Kc6 76. Kb3 Ra8 77. Rh1 Kd6 78. Re1 Ke7 79. Kb2 Ra6 80. Re2 1/2-1/2

[Event "RUS-Cup01"]
[Site "Tomsk"]
[Date "2003.07.09"]
[Round "6"]
[White "Frolov, Denis"]
[Black "Katkov, Sergey"]
[Result "1-0"]
[WhiteElo "2417"]
[BlackElo "2187"]
[PlyCount "43"]
[EventDate "2003.07.04"]
[EventType "swiss"]
[EventRounds "9"]
[EventCountry "RUS"]
[SourceTitle "CBM 095 Extra"]
[Source "ChessBase"]
[SourceDate "2003.09.04"]
[SourceVersion "1"]
[SourceVersionDate "2003.09.04"]
[SourceQuality "1"]

1. d4 Nf6 2. Nc3 d5 3. Bg5 c5 4. dxc5 d4 5. Bxf6 gxf6 6. Ne4 f5 7. Nd2 e5 8. Nb3 Nc6 9. e3 dxe3 10. Qxd8+ Kxd8 11. fxe3 Be6 12. Bb5 Nb4 13. 0-0-0+ Kc7 14. Kb1 Bh6 15. Nf3 a6 16. Ba4 e4 17. Nfd4 Nd5 18. Nxf5 Nxe3 19. Nxe3 Bxe3 20. Rde1 Bxb3 21. Bxb3 Bxc5 22. Rxe4 1-0

[Event "RUS-chT 10th final B"]
[Site "Togliatti"]
[Date "2003.05.23"]
[Round "1"]
[White "Meister, Jakob"]
[Black "Frolov, Denis"]
[Result "1/2-1/2"]
[WhiteElo "2513"]
[BlackElo "2418"]
[PlyCount "120"]
[EventDate "2003.05.23"]
[EventType "team-tourn"]
[EventRounds "3"]
[EventCountry "RUS"]
[SourceTitle "EXT 2020"]
[Source "ChessBase"]
[SourceDate "2019.10.17"]
[SourceVersion "1"]
[SourceVersionDate "2019.10.17"]
[SourceQuality "1"]
[WhiteTeam "Togliatti Lada"]
[BlackTeam "Tomsk Siberian Athens-Neftekhim"]
[WhiteTeamCountry "RUS"]
[BlackTeamCountry "RUS"]

1. e4 e5 2. Bc4 Nc6 3. d3 Nf6 4. Nc3 Bc5 5. f4 d6 6. Nf3 a6 7. f5 b5 8. Bd5 Nxd5 9. Nxd5 f6 10. Be3 Bxe3 11. Nxe3 Ne7 12. Nd2 d5 13. Qh5+ Kf8 14. 0-0-0 d4 15. Ng4 Qd6 16. Nf3 Bd7 17. Rhf1 Be8 18. Qh4 Nc6 19. a3 Ke7 20. Kd2 Bf7 21. Ke2 a5 22. Ra1 a4 23. Rfc1 b4 24. axb4 h5 25. Nf2 Qxb4 26. Nd1 a3 27. bxa3 Rxa3 28. Rcb1 Qc5 29. Rxa3 Qxa3 30. g4 Rb8 31. Rxb8 Nxb8 32. Nxe5 Qc1 33. Nxf7 Qxc2+ 34. Ke1 Qxd3 35. g5 Kxf7 36. gxf6 gxf6 37. Qxh5+ Ke7 38. Nf2 Qc3+ 39. Kf1 Qc4+ 40. Qe2 Qc1+ 41. Kg2 Nd7 42. Qa2 c5 43. Qe6+ Kd8 44. h4 Kc7 45. Qg8 Qh6 46. Qg3+ Kc6 47. Ng4 Qd2+ 48. Qf2 Qxf2+ 49. Kxf2 c4 50. h5 Nc5 51. h6 Nxe4+ 52. Ke2 d3+ 53. Ke3 d2 54. Ke2 c3 55. Ne3 Ng5 56. Kd3 Kd6 57. Kxc3 d1N+ 58. Nxd1 Ke5 59. Ne3 Nh7 60. Kd3 Kf4 1/2-1/2

[Event "RUS-chT 10th Group1"]
[Site "Togliatti"]
[Date "2003.05.22"]
[Round "7"]
[White "Frolov, Denis"]
[Black "Vokarev, Sergey"]
[Result "1/2-1/2"]
[WhiteElo "2418"]
[BlackElo "2498"]
[PlyCount "95"]
[EventDate "2003.05.16"]
[EventType "team-tourn"]
[EventRounds "6"]
[EventCountry "RUS"]
[SourceTitle "EXT 2020"]
[Source "ChessBase"]
[SourceDate "2019.10.17"]
[SourceVersion "1"]
[SourceVersionDate "2019.10.17"]
[SourceQuality "1"]
[WhiteTeam "Tomsk Siberian Athens-Neftekhim"]
[BlackTeam "Nizhny Tagil Politekhnik"]
[WhiteTeamCountry "RUS"]
[BlackTeamCountry "RUS"]

1. e4 c5 2. Nf3 Nc6 3. d4 cxd4 4. Nxd4 g6 5. c4 Nf6 6. Nc3 d6 7. Be2 Nxd4 8. Qxd4 Bg7 9. Be3 0-0 10. Qd2 Be6 11. 0-0 Qa5 12. Rab1 Rfc8 13. b3 Ng4 14. Nd5 Qxd2 15. Bxd2 Kf8 16. Bg5 Nf6 17. Nxf6 Bxf6 18. Bxf6 exf6 19. Rfd1 Ke7 20. f4 a5 21. Kf2 a4 22. Ke3 axb3 23. axb3 Ra3 24. Bd3 Rca8 25. Rd2 Ra2 26. Rdb2 Bd7 27. Kd4 Bc6 28. g3 b6 29. Kc3 R2a3 30. Re1 Ke6 31. Rd2 Ra1 32. Bb1 R1a5 33. Red1 Rd8 34. Bc2 Ke7 35. Kb2 h6 36. Re1 Rda8 37. Red1 Rd8 38. Kc3 Raa8 39. Bb1 Ra5 40. Kb2 Raa8 41. Bc2 Ra5 42. b4 Raa8 43. Ra1 Rxa1 44. Kxa1 Ra8+ 45. Kb2 Bd7 46. Rd1 Be6 47. Rd4 Rc8 48. Bd3 1/2-1/2

[Event "RUS-chT 10th Group1"]
[Site "Togliatti"]
[Date "2003.05.21"]
[Round "6"]
[White "Yevseev, Denis"]
[Black "Frolov, Denis"]
[Result "1-0"]
[WhiteElo "2580"]
[BlackElo "2418"]
[PlyCount "67"]
[EventDate "2003.05.16"]
[EventType "team-tourn"]
[EventRounds "6"]
[EventCountry "RUS"]
[SourceTitle "EXT 2020"]
[Source "ChessBase"]
[SourceDate "2019.10.17"]
[SourceVersion "1"]
[SourceVersionDate "2019.10.17"]
[SourceQuality "1"]
[WhiteTeam "Sankt Petersburg Lentransgaz II"]
[BlackTeam "Tomsk Siberian Athens-Neftekhim"]
[WhiteTeamCountry "RUS"]
[BlackTeamCountry "RUS"]

1. d4 d5 2. c4 c6 3. Nf3 Nf6 4. e3 Bf5 5. Nc3 e6 6. Nh4 Be4 7. f3 Bg6 8. Qb3 Qc7 9. Bd2 Nbd7 10. cxd5 exd5 11. 0-0-0 0-0-0 12. e4 dxe4 13. Nxg6 hxg6 14. fxe4 Nb6 15. Bg5 Re8 16. Bd3 Ng4 17. Rhf1 f6 18. h3 Nh6 19. Bd2 Bd6 20. Kb1 Kb8 21. Rc1 Qe7 22. a4 Bb4 23. d5 Rd8 24. Bf4+ Ka8 25. Na2 Bd6 26. dxc6 Bxf4 27. Rxf4 bxc6 28. Rxc6 Qe5 29. Rf3 Rb8 30. Nc3 Nd7 31. Bb5 Nc5 32. Qc4 Rhc8 33. Rxc8 Rxc8 34. b4 1-0

[Event "RUS-chT 10th Group1"]
[Site "Togliatti"]
[Date "2003.05.16"]
[Round "1"]
[White "Filippov, Valerij"]
[Black "Frolov, Denis"]
[Result "1/2-1/2"]
[WhiteElo "2627"]
[BlackElo "2418"]
[PlyCount "84"]
[EventDate "2003.05.16"]
[EventType "team-tourn"]
[EventRounds "6"]
[EventCountry "RUS"]
[SourceTitle "EXT 2020"]
[Source "ChessBase"]
[SourceDate "2019.10.17"]
[SourceVersion "1"]
[SourceVersionDate "2019.10.17"]
[SourceQuality "1"]
[WhiteTeam "Tomsk 400"]
[BlackTeam "Tomsk Siberian Athens-Neftekhim"]
[WhiteTeamCountry "RUS"]
[BlackTeamCountry "RUS"]

1. Nf3 d5 2. d4 Nf6 3. c4 c6 4. Nc3 dxc4 5. a4 Bf5 6. Nh4 Bc8 7. e3 e5 8. Bxc4 exd4 9. exd4 Be7 10. 0-0 0-0 11. Re1 Na6 12. Nf3 Nc7 13. Qb3 Nfd5 14. a5 Rb8 15. Ne5 Be6 16. Bd2 a6 17. Rad1 Nb5 18. Nxd5 Bxd5 19. Bxd5 cxd5 20. Qh3 Rc8 21. Nd7 Re8 22. Nb6 Rc6 23. Qh5 Nxd4 24. Bc3 Bc5 25. Nxd5 Rxe1+ 26. Rxe1 Re6 27. Kf1 Rxe1+ 28. Kxe1 Qe8+ 29. Kd2 Qe4 30. Ne3 Nb3+ 31. Ke2 Bxe3 32. fxe3 Qxg2+ 33. Ke1 Qg1+ 34. Ke2 Qg2+ 35. Ke1 h6 36. Qe5 Qg1+ 37. Ke2 Qg2+ 38. Ke1 Qg6 39. h4 Qg1+ 40. Ke2 Qg2+ 41. Kd1 Qf1+ 42. Kc2 Na1+ 1/2-1/2

[Event "Samara op"]
[Site "Samara"]
[Date "2003.??.??"]
[Round "4"]
[White "Frolov, Denis"]
[Black "Grachev, Boris V"]
[Result "0-1"]
[WhiteElo "2423"]
[BlackElo "2483"]
[PlyCount "114"]
[EventDate "2003.??.??"]
[EventType "swiss"]
[EventRounds "9"]
[EventCountry "RUS"]
[SourceTitle "EXT 2005"]
[Source "ChessBase"]
[SourceDate "2004.11.15"]
[SourceVersion "1"]
[SourceVersionDate "2004.11.15"]
[SourceQuality "1"]

1. e4 c5 2. Nf3 e6 3. d4 cxd4 4. Nxd4 Nc6 5. Nc3 Qc7 6. g3 a6 7. Bg2 d6 8. 0-0 Be7 9. Re1 Bd7 10. Nxc6 Bxc6 11. Qg4 h5 12. Qe2 h4 13. a4 Nf6 14. Bg5 hxg3 15. hxg3 Nd7 16. Bxe7 Kxe7 17. Nd5+ Bxd5 18. exd5 e5 19. a5 Rac8 20. c3 f5 21. Qd2 Kf6 22. Ra4 g6 23. Rb4 Rh5 24. Bf3 Rh7 25. Rh4 Rxh4 26. gxh4 f4 27. Kh2 Rh8 28. h5 Nf8 29. Rg1 Qxa5 30. Qd3 Rh6 31. Bd1 Qc5 32. Rg2 Qc8 33. Bg4 Qe8 34. Kg1 Kg7 35. Bf3 Nd7 36. Be4 Nc5 37. Bxg6 Nxd3 38. Bxe8+ Kf6 39. f3 e4 40. fxe4 Ne5 41. Rg8 Rh7 42. Bg6 Rg7 43. Rxg7 Kxg7 44. Bf5 a5 45. Kg2 Kh6 46. Bg6 b5 47. Be8 b4 48. cxb4 axb4 49. b3 Kg5 50. Kf2 Ng4+ 51. Kf3 Ne5+ 52. Ke2 Kh6 53. Kf2 Ng4+ 54. Kf3 Kg5 55. Ke2 Nf6 56. Bg6 Nd7 57. Be8 Nc5 0-1

[Event "Sibiria Region-ch"]
[Site "Novosibirsk"]
[Date "2003.??.??"]
[Round "4"]
[White "Frolov, Denis"]
[Black "Neizvestnykh, Vitalij"]
[Result "1-0"]
[WhiteElo "2375"]
[BlackElo "2205"]
[PlyCount "61"]
[EventDate "2003.05.??"]
[EventType "swiss"]
[EventRounds "9"]
[EventCountry "RUS"]
[SourceTitle "EXT 2008"]
[Source "ChessBase"]
[SourceDate "2007.11.25"]
[SourceVersion "1"]
[SourceVersionDate "2007.11.25"]
[SourceQuality "1"]

1. e4 e6 2. d4 d5 3. Nc3 Bb4 4. e5 c5 5. Bd2 cxd4 6. Nb5 Be7 7. Qg4 g6 8. Nf3 a6 9. Nbxd4 h5 10. Qf4 Nh6 11. h3 Nf5 12. Nxf5 gxf5 13. h4 Nc6 14. Qg3 Bf8 15. Bd3 Bd7 16. 0-0 Qb6 17. Bg5 Rg8 18. Qf4 Qb4 19. c4 dxc4 20. a3 Qb6 21. Bxc4 Be7 22. b4 Bxg5 23. hxg5 Ne7 24. Rac1 Ng6 25. Qd2 Rd8 26. Qa2 Ba4 27. b5 axb5 28. Qb2 Qa5 29. Ba2 Kf8 30. Nd4 Nf4 31. Nf3 1-0

[Event "Samara op"]
[Site "Samara"]
[Date "2003.??.??"]
[Round "8"]
[White "Frolov, Denis"]
[Black "Ozolin, Maxim"]
[Result "0-1"]
[WhiteElo "2423"]
[BlackElo "2323"]
[PlyCount "94"]
[EventDate "2003.??.??"]
[EventType "swiss"]
[EventRounds "9"]
[EventCountry "RUS"]
[SourceTitle "EXT 2005"]
[Source "ChessBase"]
[SourceDate "2004.11.15"]
[SourceVersion "1"]
[SourceVersionDate "2004.11.15"]
[SourceQuality "1"]

1. e4 c5 2. Nf3 e6 3. d4 cxd4 4. Nxd4 a6 5. Nc3 Qc7 6. g3 Nf6 7. Bg2 Be7 8. 0-0 0-0 9. Qe2 d6 10. f4 Bd7 11. e5 Ne8 12. Kh1 Nc6 13. Nf3 Rd8 14. a4 dxe5 15. fxe5 Nb4 16. a5 Bc6 17. Be3 Rd7 18. Bb6 Qc8 19. Rfd1 Rxd1+ 20. Rxd1 Nc7 21. Ne4 Ncd5 22. Nd4 Nxb6 23. axb6 Bd5 24. c3 Nc6 25. c4 Nxd4 26. Rxd4 Bxe4 27. Qxe4 Bc5 28. Rd1 Rd8 29. Rxd8+ Qxd8 30. h4 Qxb6 31. Qxb7 Qxb7 32. Bxb7 a5 33. Kg2 Bd4 34. b3 Bxe5 35. c5 f5 36. Kf3 Kf7 37. g4 Kf6 38. Bc8 g6 39. c6 Bc7 40. h5 e5 41. hxg6 hxg6 42. gxf5 gxf5 43. Ke3 Bb6+ 44. Kd3 e4+ 45. Kc4 Ke5 46. Kb5 Bc7 47. b4 e3 0-1

[Event "Sibiria Region-ch"]
[Site "Novosibirsk"]
[Date "2003.??.??"]
[Round "1"]
[White "Verzhansky, Alexander"]
[Black "Frolov, Denis"]
[Result "1-0"]
[WhiteElo "2327"]
[BlackElo "2375"]
[PlyCount "77"]
[EventDate "2003.05.??"]
[EventType "swiss"]
[EventRounds "9"]
[EventCountry "RUS"]
[SourceTitle "EXT 2008"]
[Source "ChessBase"]
[SourceDate "2007.11.25"]
[SourceVersion "1"]
[SourceVersionDate "2007.11.25"]
[SourceQuality "1"]

1. d4 d5 2. c4 c6 3. Nc3 Nf6 4. Nf3 dxc4 5. a4 Bf5 6. e3 e6 7. Bxc4 Bb4 8. 0-0 Nbd7 9. Qe2 0-0 10. Ne5 h6 11. Nd3 Be7 12. a5 b5 13. axb6 axb6 14. Rxa8 Qxa8 15. e4 Bh7 16. f3 b5 17. Bb3 Bd8 18. Be3 Qa6 19. Rc1 b4 20. Na2 Qb5 21. Qc2 Nxe4 22. fxe4 Bxe4 23. Bc4 Qh5 24. Nf4 Bxc2 25. Nxh5 b3 26. Nc3 Nb6 27. Be2 g6 28. Ng3 Bf6 29. Bd1 Nc4 30. Bxc2 Nxe3 31. Bxb3 Rb8 32. Ba4 Bxd4 33. Nge2 Ba7 34. Kh1 Rxb2 35. Bxc6 Ng4 36. h3 Nf2+ 37. Kh2 Nd3 38. Rb1 Bb8+ 39. Kg1 1-0

[Event "Chigorin Memorial-A 10th"]
[Site "St Petersburg"]
[Date "2002.11.03"]
[Round "9"]
[White "Kryschilovskij, Andrej"]
[Black "Frolov, Denis"]
[Result "1/2-1/2"]
[WhiteElo "2390"]
[BlackElo "2431"]
[PlyCount "22"]
[EventDate "2002.10.25"]
[EventType "swiss"]
[EventRounds "9"]
[EventCountry "RUS"]
[SourceTitle "EXT 2003"]
[Source "ChessBase"]
[SourceDate "2002.11.25"]
[SourceVersion "1"]
[SourceVersionDate "2002.11.25"]
[SourceQuality "1"]

1. d4 d5 2. c4 c6 3. e3 Nf6 4. Nc3 a6 5. Bd3 Bg4 6. Nge2 b5 7. b3 Nbd7 8. Qc2 e5 9. f3 Be6 10. c5 Be7 11. a3 0-0 1/2-1/2

[Event "RUS-Cup04"]
[Site "Samara"]
[Date "2002.08.01"]
[Round "7"]
[White "Kim, Sergey2"]
[Black "Frolov, Denis"]
[Result "1/2-1/2"]
[WhiteElo "2268"]
[BlackElo "2459"]
[PlyCount "80"]
[EventDate "2002.07.26"]
[EventType "swiss"]
[EventRounds "9"]
[EventCountry "RUS"]
[SourceTitle "CBM 089 Extra"]
[Source "ChessBase"]
[SourceDate "2002.09.10"]
[SourceVersion "2"]
[SourceVersionDate "2002.09.10"]
[SourceQuality "1"]

1. e4 e5 2. Nf3 Nf6 3. Nc3 Nc6 4. Bb5 Bc5 5. 0-0 0-0 6. d3 Re8 7. Bg5 h6 8. Bxf6 Qxf6 9. Nd5 Qd8 10. c3 a6 11. Ba4 Ba7 12. Ne3 d6 13. h3 Bd7 14. Bb3 Be6 15. Qe2 Nb8 16. Kh1 Nd7 17. Nh2 Qg5 18. Nd5 Rac8 19. Ne3 Nf8 20. Bxe6 fxe6 21. Rae1 Re7 22. g3 Rf7 23. Qg4 Qxg4 24. Nhxg4 Ng6 25. Kg2 Rcf8 26. Nh2 Ne7 27. Re2 g5 28. Nc4 Kg7 29. Ng4 Nc6 30. Nge3 b5 31. Nd2 a5 32. Nb3 a4 33. Nd2 b4 34. a3 bxc3 35. bxc3 Bc5 36. Nc2 Rb8 37. Nb4 Bxb4 38. axb4 Na7 39. Nc4 Nb5 40. Rc1 a3 1/2-1/2

[Event "RUS-Cup04"]
[Site "Samara"]
[Date "2002.07.31"]
[Round "6"]
[White "Frolov, Denis"]
[Black "Loginov, Valery A"]
[Result "0-1"]
[WhiteElo "2459"]
[BlackElo "2526"]
[PlyCount "134"]
[EventDate "2002.07.26"]
[EventType "swiss"]
[EventRounds "9"]
[EventCountry "RUS"]
[SourceTitle "CBM 089 Extra"]
[Source "ChessBase"]
[SourceDate "2002.09.10"]
[SourceVersion "2"]
[SourceVersionDate "2002.09.10"]
[SourceQuality "1"]

1. e4 c5 2. Nf3 d6 3. Bb5+ Bd7 4. Bxd7+ Qxd7 5. c4 Nc6 6. Nc3 g6 7. d4 cxd4 8. Nxd4 Bg7 9. Nde2 Nf6 10. f3 0-0 11. 0-0 Rfc8 12. Bg5 Qd8 13. Qd2 a6 14. Be3 Rab8 15. Rad1 Nd7 16. b3 b5 17. cxb5 axb5 18. Rc1 Nc5 19. Bxc5 dxc5 20. Qxd8+ Nxd8 21. Rfd1 Nc6 22. Rd7 Kf8 23. Kf2 Ke8 24. Rdd1 Nb4 25. a3 Nc6 26. Nd5 e6 27. Ne3 Na5 28. Rb1 b4 29. axb4 Rxb4 30. Nc2 Rxb3 31. Rxb3 Nxb3 32. f4 c4 33. e5 Bf8 34. Nc3 Nc5 35. Rd4 Nb3 36. Rd1 Be7 37. Kf3 f6 38. exf6 Bxf6 39. Ne4 Be7 40. Nd6+ Bxd6 41. Rxd6 Ke7 42. Rd1 Rc5 43. Ke4 g5 44. fxg5 Rxg5 45. Ne3 Rc5 46. g4 h5 47. gxh5 Rxh5 48. Rh1 Rh4+ 49. Kf3 Nd4+ 50. Kg3 Re4 51. Kf2 Rf4+ 52. Kg2 c3 53. Rc1 Nb5 54. Nd1 Rc4 55. Kf3 Kd6 56. Ke3 Kc5 57. Nf2 Rh4 58. Kd3 Rd4+ 59. Ke3 Kc4 60. Ne4 Rd3+ 61. Kf4 Kd4 62. Ng5 e5+ 63. Kf5 Kd5 64. h4 Nd4+ 65. Kg6 c2 66. h5 Rd1 67. Rxc2 Nxc2 0-1

[Event "RUS-Cup04"]
[Site "Samara"]
[Date "2002.07.30"]
[Round "5"]
[White "Khairullin, Ildar"]
[Black "Frolov, Denis"]
[Result "1/2-1/2"]
[WhiteElo "2329"]
[BlackElo "2459"]
[PlyCount "59"]
[EventDate "2002.07.26"]
[EventType "swiss"]
[EventRounds "9"]
[EventCountry "RUS"]
[SourceTitle "CBM 089 Extra"]
[Source "ChessBase"]
[SourceDate "2002.09.10"]
[SourceVersion "2"]
[SourceVersionDate "2002.09.10"]
[SourceQuality "1"]

1. e4 e5 2. Nf3 Nf6 3. Nxe5 d6 4. Nc4 Nxe4 5. Nc3 Nxc3 6. bxc3 Be7 7. d4 0-0 8. Bd3 Bf6 9. 0-0 Nc6 10. Ne3 Re8 11. f4 Be7 12. Qf3 Bf8 13. Rb1 Ne7 14. f5 f6 15. Bc4+ d5 16. Nxd5 Nxd5 17. Bxd5+ Kh8 18. Bxb7 Rb8 19. Bd2 Bxb7 20. Rxb7 Rxb7 21. Qxb7 Re2 22. Rf2 Qe8 23. Kf1 Re7 24. h3 c5 25. Qa6 Qb8 26. Re2 Qb1+ 27. Be1 Rxe2 28. Qxe2 Qxa2 29. Qe8 Kg8 30. Qe4 1/2-1/2